Southville International School and Colleges
Your cart is empty.
  • Cart
  • Lists
    Public lists list_1 View all
    Your lists Log in to create your own lists
  • Log in to your account
  • Your cookies
  • Search history
Southville International School and Colleges
  • Advanced search
  • Recent comments
  • Most popular
  • Libraries

Log in to your account

Log in with GOOGLE


If you do not have an external account, but do have a local account, you can still log in:

  1. Home
  2. MARC view: Lickety split :
Normal view MARC view ISBD view

Lickety split : (Record no. 113588)

[ view plain ]
MARC details
000 -LEADER
fixed length control field 00415nam a2200169 a 4500
001 - CONTROL NUMBER
control field 4023
005 - DATE AND TIME OF LATEST TRANSACTION
control field 20140414132029.0
008 - FIXED-LENGTH DATA ELEMENTS--GENERAL INFORMATION
fixed length control field 040201s19uu xx 00 eng d
020 ## - INTERNATIONAL STANDARD BOOK NUMBER
International Standard Book Number 0-88625-290-3
050 ## - LIBRARY OF CONGRESS CALL NUMBER
Classification number TR
Item number L62 1993
100 ## - MAIN ENTRY--PERSONAL NAME
Personal name Williams, Harland
245 ## - TITLE STATEMENT
Title Lickety split :
Remainder of title school's cool.
260 ## - PUBLICATION, DISTRIBUTION, ETC. (IMPRINT)
Place of publication, distribution, etc U.S.A :
Name of publisher, distributor, etc Durkin Hayes,
Date of publication, distribution, etc 1993.
300 ## - PHYSICAL DESCRIPTION
Extent 31 p. ; cm.
Holdings
Withdrawn status Lost status Damaged status Use restrictions Home library Current library Shelving location Date acquired Source of acquisition Total Checkouts Full call number Barcode Date last seen Price effective from Koha item type
        Munich Library Munich Library Teachers Reference Section 02/01/2004     TR L62 1993 M5181 04/14/2014 04/14/2014 Books
        Munich Library Munich Library Teachers Reference Section 03/17/2011     TR L62 1993 M5160 04/14/2014 04/14/2014 Books

Lickety split :

APA

Williams H., . (1993). Lickety split. U.S.A: Durkin Hayes.

Chicago

Williams Harland, . 1993. Lickety split. U.S.A: Durkin Hayes.

Harvard

Williams H., . (1993). Lickety split. U.S.A: Durkin Hayes.

MLA

Williams Harland, . Lickety split. U.S.A: Durkin Hayes. 1993.

  • Place hold
  • Print
  • Cite
  • Add to your cart (remove)
  • Save record
    BIBTEX Dublin Core MARCXML MARC (non-Unicode/MARC-8) MARC (Unicode/UTF-8) MARC (Unicode/UTF-8, Standard) MODS (XML) RIS
  • More searches
    Search for this title in:
    Other Libraries (WorldCat) Other Databases (Google Scholar) Online Stores (Bookfinder.com) Open Library (openlibrary.org)

Exporting to Dublin Core...

SOUTHVILLE LIBRARY

Southville International School and Colleges Library

1281 Tropical Ave. Cor. Luxembourg St., BF Homes International, Las Pinas City

Tel. No. 8256374 / 252358 Loc. 117/146

Powered by Koha